000 01196nam a22003375a 4500
001 12290989
005 20150809142232.0
008 141015t2015 caua fr 001 0 eng d
020 _z9780133980462
020 _z0133980464
040 _aEG-ScBUE
_beng
082 0 4 _222
_a006.686
_bWEI
100 1 _aWeinmann, Elaine.
_938148
245 1 0 _aPhotoshop CC :
_b2014 release for Windows and Macintosh /
_cElaine Weinmann, Peter Lourekas.
260 _a[San Francisco] :
_bPeachpit Press / Pearson Education,
_cc.2015.
300 _aviii, 520 p. :
_bill. (col.) ;
_c23 cm.
490 0 _aVisual quickstart guide
500 _aPlace of publication from publisher's website.
500 _aIndex : p. 499-520.
590 _aAccess is available to the Yale community.
630 0 0 _aAdobe Photoshop.
_937025
650 0 _aPhotography
_xDigital techniques.
_2BUEsh
_937027
650 0 _aComputer graphics
_xComputer programs.
_2BUEsh
_912794
650 0 _aImage processing
_xDigital techniques.
_2BUEsh
651 _2BUEsh
653 _bCOMAME
_bCOMSCI
_cJune2015
_cAugust2015
655 _vreading book
_934232
700 1 _aLourekas, Peter.
710 2 _aSafari Tech Books Online.
942 _2ddc
999 _c19556
_d19528